000
00353nam a2200133Ia 4500
008
100328s9999 xx 000 0 und d
082
_b
50576
100
_a
पै शिरीष
245
_a
रानपाखरे.
260
_b
मनोरमा
630
_a
रानपाखरे.
730
_a
रानपाखरे.
942
_c
BOOK
999
_c
537684
_d
537681